000 00219nam a2200097Ia 4500
008 190216s9999||||xx |||||||||||||| ||und||
100 _aW Hutchinson
245 0 _aElectricity And Magnetism
260 _bNull
942 _cBK
999 _c32736
_d32736